00789nam a2200241 a 4500008004100000020002200041049000900063090001400072245007000086250001200156260003400168300004200202500002000244650002300264700002300287907003500310003000100345005001700346040000900363942002100372999001900393952013500412  a0073128376 (hbk.) aMAIN aT353bTEC10aTechnical graphics communications /cGary R Bertoline... [et al.] a4th ed. aBoston :bMcGraw-Hill.c2009. axxii, 1206 [110] p. ;bill. ;c26 cm. aIncludes Index. 1aTechical graphics. aBertoline, Gary R. a.b10288594b06-04-17c14-12-1020230123125227.0 cNUST cBOOKSkT353mTEC c137919d137919 r2023-01-23 00:00:00l0oT353 BERp92004021105v80.00w2023-01-23yBOOKS102LCC40718NFIC00aMAINbMAINcGENd2023-01-23g80.00